| 000 | 01377 a2200253 4500 | ||
|---|---|---|---|
| 001 | 59430 | ||
| 005 | 20260407155848.0 | ||
| 008 | 260407a1987 arg spa d | ||
| 003 | AR-UNSa-BCEJYS | ||
| 040 |
_aAR-UNSa-BCEJYS _bspa _cAR-UNSa-BCEJYS |
||
| 080 |
_a338.2(82) _xPolítica económica. Control de la economía. Gestión de la economía. Planificación económica en Argentina |
||
| 245 | 1 | 0 |
_aPolíticas estatales y desarrollo regional _pLa experiencia del gobierno militar en la región del NEA (1976-1981) |
| 020 | _a950-9370-08-8 | ||
| 264 | 1 |
_aBuenos Aires : _bEdiciones CEUR _c1987 |
|
| 300 |
_axviii, 267 p. _c22 cm. |
||
| 505 | _a1. Introducción - 2. Política económica nacional y de las provincias entre 1976 y 1981 - 3. Formación histórica regional hasta 1970 - 4. Situación general durante el periodo 1976 - 1982 - 5. Los circuitos de producción-acumulación más relevantes y su comportamiento en 1976-1982 - 6. Aspectos relevantes de la estructura social. Principales formas organizativas en el sector agropecuario - 7. Principales consecuencias de la política monetarista liberal sobre las estructuras sociales y económicas provinciales - | ||
| 041 | _aspa | ||
| 942 | _cBK | ||
| 590 | _aniveau_biblio:m niveau_hierar:0 | ||
| 100 | 1 | _aRofman, Alejandro | |
| 700 | 1 | _aQuintar, Aída | |
| 700 | 1 | _aMarqués, Nora | |
| 700 | 1 | _aManzanal, Mabel | |
| 999 |
_c6684 _d6684 |
||